personnage des Simpson - Statistiques

Statistiques générales
  • Ce quiz a été pris 164 fois
    144 depuis la dernière actualisation
  • Le résultat moyen est 8 sur 21
Statistiques - réponses
indice personnage % Correct
Le père Homer simpson
94%
Le fils Bart simpson
93%
La mère Marge simpson
93%
La fille lisa simpson
92%
La petite fille Magie simpson
66%
Le clown Krusty
64%
Le voisin Ned flanders
58%
Le meilleure ami de du fils Milhouse van houten
38%
Le grand père Abraham simpson
34%
Le chien Petit papa noel
34%
Le pire ennemie de bart tahiti bob
32%
Le jardinier willy
29%
La professeure Edna krapabelle
25%
Le dirrecteure Seymour skinner
18%
Le propriétaire de l'usine Charles Montgomery Burns
16%
Le voyou Nelson muntz
16%
Le maire Joe quimby
15%
L’assistant du propriétaire de l'usine Waylon Smithers
11%
Le caissier Apu Nahasapeemapetilon
7%
Le sans abris Barney gumble
0%
Le bar man Moe szislak
0%
Aucun quiz correspondant
Distribution des résultats
% des personnes avec chaque résultat
Percentile par nombre de réponses
Votre historique - résultats
Vous n’avez pas pris ce quiz depuis la dernière actualisation